|
|
|
|
| LEADER |
00000cam a2200000 7i4500 |
| 001 |
0000001903 |
| 005 |
20040326.0 |
| 090 |
0 |
0 |
|a RP 583.77
|b WYA 1953
|
| 100 |
1 |
0 |
|a WYATT-SMITH
|h J.
|
| 245 |
1 |
0 |
|a Manual of Malayan timber trees :
|b burseraceae
|c by J. Wyatt-Smith
|
| 260 |
0 |
0 |
|a Kuala Lumpur :
|b Forest Research Institute ,
|c 1953
|
| 300 |
|
|
|a 33 p. :
|b ill. ;
|c 34 cm.
|
| 440 |
0 |
0 |
|a Research pamphlet; no. 1
|
| 650 |
0 |
0 |
|a Burseraceae
|z Malaysia
|
| 650 |
0 |
0 |
|a Timber
|z Malaysia
|
| 998 |
|
|
|a JPSM
|
| 999 |
|
|
|a 0000003029
|b Monograph
|c Open Shelf
|e Default branch
|
| 999 |
|
|
|a 0000003032
|b Monograph
|c Open Shelf
|e Default branch
|
| 999 |
|
|
|a 0000005236
|b Monograph
|c Open Shelf
|e Default branch
|